Návrh a bezpečnostná analýza prístupovej sústavy pre teleskopické rýpadlo UDS 132

Salvato in:
Dettagli Bibliografici
Autore principale: Cséfalvay, Vince (Autore)
Altri autori: Chovančíková, Viktória (Relatore della tesi)
Natura: Manoscritto Libro
Lingua:slovacco
Pubblicazione: 2024
Soggetti:
Accesso online:http://is.stuba.sk/zp/portal_zp.pl?podrobnosti=185858
Tags: Aggiungi Tag
Nessun Tag, puoi essere il primo ad aggiungerne!!

MARC

LEADER 00000ntm a22000003a 4500
001 stuzp98827
003 SK-STU
005 20250306102329.2
007 ta
008 150427s2015----xo-----f-mn---000-0-slo-d
040 |a STU  |b slo 
041 0 |a slo 
100 1 |a Cséfalvay, Vince  |u 020030  |4 aut  |U SjF Strojnícka fakulta  |T SjF Ústav automobilového inžinierstva a konštruovania  |X 104873  |U J0030  |Y 806  |7 104873 
242 0 1 |a Design and safety analysis of access system for telescopic excavator UDS 132  |y eng 
245 1 0 |a Návrh a bezpečnostná analýza prístupovej sústavy pre teleskopické rýpadlo UDS 132 
260 |c 2024 
650 4 |a UDS 132  |2 slo 
650 4 |a prístupová sústava  |2 slo 
650 4 |a bezpečnostná analýza  |2 slo 
650 4 |a acces system  |2 eng 
650 4 |a safety analysis  |2 eng 
650 4 |a UDS 132  |2 eng 
700 1 |a Chovančíková, Viktória  |u 020030  |k Z3  |4 ths  |U SjF Strojnícka fakulta  |T SjF Ústav automobilového inžinierstva a konštruovania  |X 87301  |U J0030  |Y 806  |7 87301 
856 4 |u http://is.stuba.sk/zp/portal_zp.pl?podrobnosti=185858 
996 |b 284J047764  |c J* 3854/DBP  |l JJSK  |s A  |a 24  |w stuzp98827_0001